00938nam a2200253 a 450000100060000000300080000600500170001400800410003103500190007204000270009104100080011808200230012610000290014924500700017826000470024830000340029549000490032950000190037865100610039783000580045894200120051699900170052895201390054540804BD-RjUL20211209053300.0160510s1964 maub 001 0 eng  a(BD-RjUL)40919 aDLCcDLCdBD-RjULbeng aeng a320.9914bGRP 19641 aGrossholtz, Jean912556110aPolitics in the Philippines :ba country study /cJean Grossholtz aBoston :bLittle Brown and Company,cc1964 axvi, 293 p. :bill. ;c20 cm.1 aLittle, Brown series in comparative politics aIncludes index 0aPhilippinesxPolitics and governmenty1946-1973.9125562 0aLittle, Brown series in comparative politics.9125564 2ddccBK c40804d40804 00102ddc40718NFICaRUCLbRUCLcReadingd1975-01-15eMd. Obidul Huql0o320.9914 GRP 1964r2016-05-10 00:00:00tC-1w2016-05-10yBK